<?xml version="1.0" encoding="UTF-8"?>
<record
    xmlns:xsi="http://www.w3.org/2001/XMLSchema-instance"
    xsi:schemaLocation="http://www.loc.gov/MARC21/slim http://www.loc.gov/standards/marcxml/schema/MARC21slim.xsd"
    xmlns="http://www.loc.gov/MARC21/slim">

  <leader>00551nam a2200193 a 4500</leader>
  <controlfield tag="005">20161102020002.0</controlfield>
  <controlfield tag="008">140404b1957    enkil. | |||| 00| 0 eng d</controlfield>
  <datafield tag="041" ind1=" " ind2=" ">
    <subfield code="a">eng</subfield>
  </datafield>
  <datafield tag="044" ind1=" " ind2=" ">
    <subfield code="a">enk</subfield>
  </datafield>
  <datafield tag="082" ind1=" " ind2=" ">
    <subfield code="a">595.78</subfield>
    <subfield code="b">M43p</subfield>
  </datafield>
  <datafield tag="100" ind1="1" ind2=" ">
    <subfield code="a">Matthews, Patrick</subfield>
    <subfield code="9">23382</subfield>
  </datafield>
  <datafield tag="245" ind1="1" ind2="4">
    <subfield code="a">The pursuit of moths and butterflies :</subfield>
    <subfield code="b">an anthology /</subfield>
  </datafield>
  <datafield tag="260" ind1=" " ind2=" ">
    <subfield code="a">London</subfield>
    <subfield code="b">Chatto and Windus</subfield>
    <subfield code="c">1957</subfield>
  </datafield>
  <datafield tag="300" ind1=" " ind2=" ">
    <subfield code="a">141 p.</subfield>
    <subfield code="c">28 cm.</subfield>
  </datafield>
  <datafield tag="650" ind1=" " ind2="6">
    <subfield code="a">Mariposas</subfield>
    <subfield code="x">clasificaci&#xF3;n</subfield>
    <subfield code="9">23383</subfield>
  </datafield>
  <datafield tag="650" ind1=" " ind2="6">
    <subfield code="9">23384</subfield>
    <subfield code="a">Polillas</subfield>
    <subfield code="x">clasificaci&#xF3;n</subfield>
  </datafield>
  <datafield tag="942" ind1=" " ind2=" ">
    <subfield code="c">Impreso</subfield>
    <subfield code="2">ddc</subfield>
    <subfield code="0">1</subfield>
  </datafield>
  <datafield tag="945" ind1=" " ind2=" ">
    <subfield code="d">2007-07-10</subfield>
  </datafield>
  <datafield tag="999" ind1=" " ind2=" ">
    <subfield code="c">5657</subfield>
    <subfield code="d">5657</subfield>
  </datafield>
  <datafield tag="952" ind1=" " ind2=" ">
    <subfield code="0">0</subfield>
    <subfield code="1">0</subfield>
    <subfield code="2">ddc</subfield>
    <subfield code="4">0</subfield>
    <subfield code="7">0</subfield>
    <subfield code="8">GENERAL</subfield>
    <subfield code="I">INV2017</subfield>
    <subfield code="a">Bogota</subfield>
    <subfield code="b">Bogota</subfield>
    <subfield code="d">2007-07-10</subfield>
    <subfield code="e">Amazon</subfield>
    <subfield code="g">60000.00</subfield>
    <subfield code="l">1</subfield>
    <subfield code="o">LB-595.78 M43p</subfield>
    <subfield code="p">024700</subfield>
    <subfield code="r">2016-11-01 00:00:00</subfield>
    <subfield code="s">2016-11-01</subfield>
    <subfield code="t">Ej.1</subfield>
    <subfield code="w">2012-12-04</subfield>
    <subfield code="x">Donaci&#xF3;n</subfield>
    <subfield code="y">LIBRO</subfield>
  </datafield>
</record>
